| 000 | 04711njm0a2200469 4500 | ||
|---|---|---|---|
| 001 | RU\NLR\ONIZ\297513 | ||
| 005 | 20250708193719.0 | ||
| 035 | _a(NLR Aleph) 016323473 | ||
| 071 | 0 | 0 | _aД-4370-1 |
| 090 |
_a13285038 _c13285038 |
||
| 100 | _a20220324f19001999|||y0rusy50 ca | ||
| 102 | _aRU | ||
| 126 |
_aabaxdxu ux _bxxx |
||
| 127 | _a002500 | ||
| 200 | 1 |
_a[Играют] Лауреаты международного конкурса имени П. Чайковского _bЗвукозапись _eМ. Лубоцкий, скрипка, Г. Мирвис, В. Ямпольский, фортепиано |
|
| 203 |
_aМузыка _bисполнительская _cаудио |
||
| 210 |
_aЛенинград _cЛенинградский совнархоз УХП _gЗавод грампластинок _eЛенинград _d[19--] |
||
| 215 |
_a1 грп. [ГОСТ 5289-56] (25 мин) : 33 об/мин, моно _d25 см, в конв. |
||
| 327 | 1 |
_a1. Соната № 4 для скрипки и фортепиано : ми минор / В. Моцарт. _a2. Соната-баллада № 3 для скрипки соло : ре минор : соч. 27 / Э. Изаи. _a3. Мелодия : соч. 42 № 3 / П. Чайковский. _a4. Полонез : Ре мажор : соч. 4 / Г. Венявский |
|
| 464 | 0 |
_12001#$aСоната № 4 для скрипки и фортепиано$eми минор$fВ. Моцарт _16061#$aСонаты для скрипки и фортепиано$yАвстрия$z18 век$jЗвукозапись$2nlr_sh _16890#$aЩ955.4-041(4А) _1700#1$9z01790$aМоцарт$bВ. А.$gВольфганг Амадей$f1756-1791$4230$7ca _1790#1$9z01700$aMozart$bW. A.$gWolfgang Amadeus$f1756-1791$4230$7ba _tСоната № 4 для скрипки и фортепиано _aМоцарт, Вольфганг Амадей (1756-1791) |
|
| 464 | 0 |
_12001#$aСоната-баллада № 3 для скрипки соло$eре минор$eсоч. 27$fЭ. Изаи _16061#$aСонаты для скрипки и фортепиано$yБельгия$z19-20 вв.$jЗвукозапись$2nlr_sh$7ca _16890#$aЩ955.4-041(4Б) _1700#1$9z01790$aИзаи$bЭ.$gЭжен$cкомпозитор, скрипач, дирижер$f1858-1931$4230$7ca _1790#1$9z01700$aIzai$bE.$gEžen$f1858-1931$4230$7ba _tСоната-баллада № 3 для скрипки соло _aИзаи, Эжен (композитор, скрипач, дирижер ; 1858-1931) |
|
| 464 | 0 |
_12001#$aМелодия$eсоч. 42 № 3$fП. Чайковский _150000$aВоспоминание о дорогом месте$iМелодия$bЗвукозапись$sсоч. 42 № 3$lцикл пьес$rскрипка$rфортепиано$7ca _16890#$aЩ955.4-058.3(28) _1700#1$9z01790$aЧайковский$bП. И.$gПетр Ильич$f1840-1893$4070$7ca _1790#1$9z01700$aČajkovskij$bP. I.$gPetr Il'ič$f1840-1893$4070$7ba _tМелодия _aЧайковский, Петр Ильич (1840-1893) |
|
| 464 | 0 |
_12001#$aПолонез$eРе мажор$eсоч. 4$fГ. Венявский _16061#$aПолонезы для скрипки и фортепиано$xЗвукозапись$yПольша$z19 век$2nlr_sh _16890#$aЩ955.4-055(4П) _1700#1$9z01790$aВенявский$bГ.$gГенрик$f1835-1880$4230$7ca _1790#1$9z01700$aWieniawski$bH.$gHenryk$f1835-1880$4230$7ba _tПолонез _aВенявский, Генрик (1835-1880) |
|
| 606 | 1 |
_aМузыкальные конкурсы международные _jЗвукозапись _2nlr_sh |
|
| 606 | 1 |
_aСкрипичная музыка _jЗвукозапись _2nlr_sh |
|
| 606 | 1 |
_aСкрипачи советские российские _z20-21 вв. _jЗвукозапись _2nlr_sh |
|
| 686 | 0 | _aЩ955.4я43 | |
| 702 | 1 |
_9z04790 _aЛубоцкий _bМ.Д. _f1931-2021 _gМарк Давыдович _4545 _4svl _7ca |
|
| 702 | 1 |
_9z05790 _aМирвис _bГ. Г. _cфортепиано _f1930-2000 _gГенриетта Григорьевна _4545 _4kfp _7ca |
|
| 702 | 1 |
_9z06790 _aЯмпольский _bВ. Е. _f1905-1965 _gВладимир Ефимович _4545 _4kfp _7ca |
|
| 710 | 0 | 2 |
_aЛауреаты международного конкурса имени П. Чайковского _4590 _7ca |
| 790 | 1 |
_9z04702 _aLubockij _bM. D. _f1931-2021 _gMark Davidovič _4545 _4svl _7ba |
|
| 790 | 1 |
_9z05702 _aMirvis _bG. _cpiano _f1930-2000 _gGenrietta _4545 _4kfp _7ba |
|
| 790 | 1 |
_9z06702 _aJampol`skij _bV. _f1905-1965 _gVladimir _4545 _4kfp _7ba |
|
| 801 | 0 |
_aRU _bNLR _c20220324 _gPSBO |
|
| 801 | 1 |
_aRU _bNLR _c20220324 _2rusmarc |
|
| 801 | 2 |
_aRU _bNLR _c20230320 |
|
| 852 |
_aNLR _bМг _j2/2612 _p34682 _t1 |
||
| 942 | _cREC | ||
| 980 | _aNB | ||
| 980 | _aONIZ | ||